Himalayan odyssey : (Record no. 130511)

MARC details
000 -LEADER
fixed length control field 00726nam a22002177a 4500
005 - DATE AND TIME OF LATEST TRANSACTION
control field 20170124110113.0
010 ## - LIBRARY OF CONGRESS CONTROL NUMBER
LC control number A-845329
020 ## - INTERNATIONAL STANDARD BOOK NUMBER
Terms of availability 200.00
International Standard Book Number 8170060532
035 ## - SYSTEM CONTROL NUMBER
System control number A-845329
037 ## - SOURCE OF ACQUISITION
Source of stock number/acquisition Cen Lib/Ret
040 ## - CATALOGING SOURCE
Original cataloging agency DPL
Language of cataloging EN
082 ## - DEWEY DECIMAL CLASSIFICATION NUMBER
Classification number 915.496
Item number TAL
100 ## - MAIN ENTRY--PERSONAL NAME
Personal name Talwar, A.P.
9 (RLIN) 11991
245 ## - TITLE STATEMENT
Title Himalayan odyssey :
Statement of responsibility, etc by A. P. Talwar
Remainder of title journeys to mountain shrines and hill station of INDIA and NEPAL /
260 ## - PUBLICATION, DISTRIBUTION, ETC. (IMPRINT)
Place of publication, distribution, etc New Delhi
Name of publisher, distributor, etc Asian Publication
Date of publication, distribution, etc 1996
270 ## - ADDRESS
City New Delhi
Address 243, Defence Colony Flyover Market
Postal code 110053
Telephone number 4621231, 4629212
300 ## - PHYSICAL DESCRIPTION
Extent 150p.
Dimensions 21cm(Hb)
650 ## - SUBJECT ADDED ENTRY--TOPICAL TERM
Topical term or geographic name as entry element Geography
Geographic subdivision Himalaya
9 (RLIN) 71975
650 ## - SUBJECT ADDED ENTRY--TOPICAL TERM
Topical term or geographic name as entry element Travel and turism
9 (RLIN) 71976
942 ## - ADDED ENTRY ELEMENTS (KOHA)
Source of classification or shelving scheme Dewey Decimal Classification
Koha item type English Books
Classification part 915.496
Call number suffix TAL
Holdings
Withdrawn status Lost status Damaged status Not for loan Home library Current library Date acquired Source of acquisition Cost, normal purchase price Total Checkouts Full call number Barcode Date last seen Copy number Cost, replacement price Price effective from Koha item type
        Central Library Central Library 09/07/2015 Cen Lib/Ret 200.00   915.496 TAL A-845329 09/07/2015 1 200.00 09/07/2015 English Books

© Delhi Public Library
Hit Counter
free hit counter